000 00589nam a22002297a 4500
003 UA-OsUOA
001 86993
007 ta
008 20120913b un ||||| |||| 00| 0 ukr d
090 _a821.161.1
_bВ 11
942 _cBK
040 _aUA-OsUOA
_brus
_cUA-OsUOA
_dUA-OsUOA
245 _aВ мире русской литературы
_bКн. для внекас. чтения: 5 кл.
300 _a319 с.
955 _a3
041 _arus
080 _a821.161.1
260 _aМ.
_bПросвещение
_c1987
250 _n2-е изд
650 7 _2UDC
999 _c373209
_d373209